| 000 | 00398nam a2200145Ia 4500 | ||
|---|---|---|---|
| 008 | 230312s9999||||xx |||||||||||||| ||und|| | ||
| 082 |
_a920 _bHIL-U |
||
| 100 | _aNepoleon Hill | ||
| 245 | 0 | _aYou Can Work Your Own Miracles | |
| 260 |
_bFawcett Publications , Inc. _aUSA _c1971 |
||
| 300 | _a160 | ||
| 546 | _aEng. | ||
| 650 |
_aLiterature _vOur Unseen Guides , Mastery of Poverty |
||
| 942 | _cBK | ||
| 999 |
_c176 _d176 |
||